MARC details
| 000 -CABECERA |
| campo de control de longitud fija |
01288nam a2200301 a 4500 |
| 001 - NÚMERO DE CONTROL |
| campo de control |
000031424 |
| 003 - IDENTIFICADOR DEL NÚMERO DE CONTROL |
| campo de control |
DO-SdBNP |
| 005 - FECHA Y HORA DE LA ÚLTIMA TRANSACCIÓN |
| campo de control |
20220922113049.0 |
| 007 - CAMPO FIJO DE DESCRIPCIÓN FÍSICA--INFORMACIÓN GENERAL |
| campo de control de longitud fija |
ta |
| 008 - DATOS DE LONGITUD FIJA--INFORMACIÓN GENERAL |
| campo de control de longitud fija |
110620s1937 dr 000 | spa d |
| 040 ## - FUENTE DE LA CATALOGACIÓN |
| Centro catalogador/agencia de origen |
DO-SdBNP |
| Lengua de catalogación |
spa |
| Centro/agencia transcriptor |
BNPHU |
| 082 ## - NÚMERO DE LA CLASIFICACIÓN DECIMAL DEWEY |
| Número de clasificación |
917.293 |
| Número de documento/Ítem |
O77g, 1937 |
| 100 ## - ENTRADA PRINCIPAL--NOMBRE DE PERSONA |
| Nombre de persona |
Ortega, Augusto |
| 9 (RLIN) |
57816 |
| 245 10 - MENCIÓN DE TÍTULO |
| Título |
Texto auxiliar de geografía evolutiva : |
| Resto del título |
para el trazado de mapas en las escuelas por el procedimiento de longitudes y latitudes. / |
| Mención de responsabilidad, etc. |
Augusto Ortega. |
| 246 10 - FORMA VARIANTE DE TÍTULO |
| Título propio/Titulo breve |
Geografía evolutiva : |
| Resto del título |
El trazado de mapas en las escuelas por el procedimiento de longitudes y latitudes (coordenadas geográficas). / |
| 250 ## - MENCIÓN DE EDICIÓN |
| Mención de edición |
3a.ed. aum. y correg. |
| 260 ## - PUBLICACIÓN, DISTRIBUCIÓN, ETC. |
| Lugar de publicación, distribución, etc. |
Santiago, República Dominicana : |
| Nombre del editor, distribuidor, etc. |
Corazón de Jesus, |
| Fecha de publicación, distribución, etc. |
1937. |
| 300 ## - DESCRIPCIÓN FÍSICA |
| Extensión |
v. ; |
| Dimensiones |
23 cm. |
| 500 ## - NOTA GENERAL |
| Nota general |
La biblioteca sólo posee el volumen II y III. |
| 500 ## - NOTA GENERAL |
| Nota general |
Nuevo sistema de enseñanza de la geografía. |
| 505 2# - NOTA DE CONTENIDO CON FORMATO |
| Información miscelánea |
V. II -- |
| Título |
Distrito de Santo Domingo, provincias y comunes de la República Dominicana -- |
| Información miscelánea |
V. III -- |
| Título |
Isla de Santo Domingo / |
| 590 ## - NOTA LOCAL (RLIN) |
| Nota local |
Inventariado, 2022/ YL |
| 650 #4 - PUNTO DE ACCESO ADICIONAL DE MATERIA--TÉRMINO DE MATERIA |
| Término de materia o nombre geográfico como elemento de entrada |
Geografía |
| Subdivisión general |
Enseñanza |
| 9 (RLIN) |
20300 |
| 650 #4 - PUNTO DE ACCESO ADICIONAL DE MATERIA--TÉRMINO DE MATERIA |
| Término de materia o nombre geográfico como elemento de entrada |
Coordenadas geográficas |
| 9 (RLIN) |
57817 |
| 651 ## - PUNTO DE ACCESO ADICIONAL DE MATERIA--NOMBRE GEOGRÁFICO |
| Nombre geográfico |
República Dominicana |
| Subdivisión general |
Descripciones |
| 9 (RLIN) |
82230 |
| 910 ## - DATOS DE OPCIÓN DEL USUARIO (OCLC) |
| Datos de opción del usuario |
YLockward |
| 942 ## - ELEMENTOS DE PUNTO DE ACCESO ADICIONAL (KOHA) |
| Fuente del sistema de clasificación o colocación |
Dewey Decimal Classification |
| Tipo de ítem Koha |
Libro |